Captain Beefheart Discography - Statistics

General Stats
  • This quiz has been taken 12 times
  • The average score is 11 of 39
Answer Stats
Type Year Name % Correct
Compilation 1988 Safe as Milk/Mirror Man
100%
Album 1969 Trout Mask Replica
100%
Album 1970 Lick My Decals Off, Baby
89%
Album 1967 Safe as Milk
89%
Compilation 1973 The Spotlight Kid/Lick My Decals Off, Baby
89%
Album 1982 Ice Cream for Crow
78%
Album 1972 Clear Spot
67%
Album 1980 Doc at the Radar Station
67%
Album 1971 Mirror Man
67%
Compilation 1972 The Spotlight Kid/Clear Spot
67%
Album 1978 Shiny Beast (Bat Chain Puller)
56%
Album 1974 Unconditionally Guaranteed
56%
Album 1968 Strictly Personal
44%
Album 1972 The Spotlight Kid
44%
Album 2012 Bat Chain Puller
33%
Compilation 1998 Electricity
22%
Compilation 1988 Abba Zabba
11%
Album 1974 Bluejeans & Moonbeams
11%
Compilation 1999 Grow Fins: Rarities 1965-1982
11%
Live Album 2000 I'm Going to Do What I Wanna Do: Live at My Father's Place 1978
11%
Compilation 1999 The Mirror Man Sessions
11%
Compilation 1996 Zig Zag Wanderer: The Best of the Buddah Years
11%
Compilation 1991 Zig Zag Wanderer: The Collection
11%
Compilation 1993 A Carrot is as Close as a Rabbit Gets to a Diamond
0%
Live Album 2008 Amsterdam '80
0%
Compilation 1989 Captain Beefheart at His Best
0%
Compilation 1977 Captain Beefheart File
0%
Compilation 2003 Hot Head: Introducing Captain Beefheart
0%
Compilation 1992 I May Be Hungry but I Sure Ain't Weird: The Alternative Captain Beefheart
0%
Compilation 2008 It Comes to You in a Plain Brown Wrapper
0%
Live Album 2006 Live London '74
0%
Compilation 1983 Music in Sea Minor
0%
Compilation 2014 Sun Zoom Spark: 1970 to 1972
0%
Compilation 1990 The Best Beefheart
0%
Compilation 2002 The Best of Captain Beefheart & the Magic Band
0%
Compilation 2006 The Buddah Years
0%
Compilation 1999 The Dust Blows Forward: An Anthology
0%
EP 1984 The Legendary A&M Sessions
0%
Compilation 1984 Top Secret
0%
No matching quizzes found
Score Distribution
Percent of People with Each Score
Percentile by Number Answered
Your Score History
You have not taken this quiz